Cargando...
Research in education /
| Autor principal: | |
|---|---|
| Formato: | Printed Book |
| Lenguaje: | English |
| Publicado: |
New Delhi :
Prentice-Hall of India,
1995.
|
| Edición: | 7th ed. |
| Materias: |
| LEADER | 00553nam a2200157Ia 4500 | ||
|---|---|---|---|
| 008 | 160114b xxu||||| |||| 00| 0 eng d | ||
| 082 | |a 370.7 | ||
| 100 | |a Best, John W. | ||
| 245 | |a Research in education / |c By John W. Best | ||
| 250 | |a 7th ed. | ||
| 260 | |a New Delhi : |b Prentice-Hall of India, |c 1995. | ||
| 300 | |a 435 p. | ||
| 653 | |a Study and teaching of education | ||
| 942 | |c BK | ||
| 999 | |c 143007 |d 143007 | ||
| 952 | |0 0 |1 0 |4 0 |6 370_700000000000000_BES_R7 |7 0 |9 151981 |a LIS |b LIS |c ST1 |d 2006-04-03 |g 135.00 |i 01126 |l 0 |o 370.7 BES/R7 |p LIS1126 |r 2016-07-26 |w 2016-07-26 |y BK | ||